000 00455nam a2200157Ia 4500
003 OSt
005 20200630130631.0
008 190216s9999||||xx |||||||||||||| ||und||
040 _coclc
082 _a954.005
_bTRI/C
100 _aTripathi, Amales
_93358
245 4 _aThe Calcutta Historical Journal /
_cAmales Tripathi
260 _bDilip Kumar Mukherjee,
300 _a193p
942 _cBK
_2ddc
_h954.005
_iTRI/C
_k954.005
_mTRI/C
999 _c20266
_d20266